header

Emerging epidemics (Record no. 39408)

MARC details
000 -LEADER
fixed length control field 01417nam a2200337 a 4500
082 04 - DEWEY DECIMAL CLASSIFICATION NUMBER
Classification number 614.4
100 1# - MAIN ENTRY--AUTHOR NAME
Personal name Bisen, Prakash S.
245 10 - TITLE STATEMENT
Title Emerging epidemics
260 ## - PUBLICATION, DISTRIBUTION, ETC. (IMPRINT)
Place of publication Hoboken, N.J. :
Name of publisher Wiley-Blackwell,
Year of publication c2013.
300 ## - PHYSICAL DESCRIPTION
Number of Pages 1 online resource (xvii, 736 p.) :
Other physical details ill. (some col.), graphs.
650 #0 - SUBJECT ADDED ENTRY--TOPICAL TERM
Topical Term Communicable diseases.
Topical Term Epidemics.
Topical Term Hazardous substances.
700 1# - ADDED ENTRY--PERSONAL NAME
Personal name Raghuvanshi, Ruchika.
856 40 - ELECTRONIC LOCATION AND ACCESS
Uniform Resource Identifier http://site.ebrary.com/lib/rucke/Doc?id=10722546
588 ## -
-- Description based on online resource; title from title page (ebrary, viewed July 4, 2013).

No items available.

© 2026 Rongo University
Contact us: librarian | system librarian | Rongo university